00486nam a2200157 i 4500001000300000100002700003245004900030260002100079040000800100041000800108942000700116008004100123999001700164856009800181952004900279bg1 aKAŁUSZYŃSKI, Maciej 0aMyślenie etyczne /cMaciej Kałuszyński. aWrocław,c1980. cBPK apol cKS s pl f |000 0 pol  c20206d20206 uhttp://koha.tu.koszalin.pl/cgi-bin/koha/opac-detail.pl?biblionumber=20206yKatalog online BPK 00104070aBPKbBPKcwo28493p01103892yKS